| 000 | 00499nam a2200181Ia 4500 | ||
|---|---|---|---|
| 003 | OSt | ||
| 005 | 20191223125244.0 | ||
| 008 | 190216s9999||||xx |||||||||||||| ||und|| | ||
| 020 | _a0333926196 | ||
| 040 | _coclc | ||
| 082 |
_a336.54 _bMIS/E |
||
| 100 |
_aMisra, B _9682 |
||
| 245 | 0 |
_aEconomics Of Public Finance / _c B Misra |
|
| 260 |
_bMacmillan India Ltd, _c1995. _aNew Delhi: |
||
| 300 | _a332p | ||
| 650 | _aEconomics | ||
| 942 |
_cBK _2ddc _h336.54 _iMIS/E _k336.54 _mMIS/E |
||
| 999 |
_c9962 _d9962 |
||